• 首页
  • 本馆介绍
  • 公告通知
  • 最新文献
  • 馆藏检索
  • 电子资源
  • 读者导购
  • 参考咨询
  • 我的图书馆
  • 登录
  • 详细信息显示
  • 放入我的书架
  • 预约/预借图书
  • 作者相关作品
  • 分类相关作品
  • 丛书相关作品
  • 出版社相关作品

书目信息

  • 表格格式
  • 工作单格式
  • 卡片格式
题名:
电子计算机制图方法及应用
    
 
作者: 李鸿吉 , 张菊明 著
分册:  
出版信息: 北京   地质出版社  1981
页数: 370页
开本: 21cm
丛书名: 数学地质丛书
单 册:
中图分类: P283.7
科图分类:
主题词: 计算机制图-地图编绘 , 地图编绘-计算机制图
电子资源:
ISBN:
000 00773nam2 2200277 45
001 0181004737
005 20060727152119.67
010    @dCNY2.00
091    @a15038.新618
100    @a19950619d1981 em y0chiy0121 ea
101 0  @achi
102    @aCN@b110000
105    @ay z 000yy
200 10 @a电子计算机制图方法及应用@Adian zi ji suan ji zhi tu fang fa ji ying yong@f李鸿吉,张菊明著
210    @a北京@c地质出版社@d1981
215    @a370页@d21cm
225 2  @a数学地质丛书
410  0 @120010@a数学地质丛书
606    @a计算机制图-地图编绘
606    @a地图编绘-计算机制图
690    @aP283.7@v3
701  0 @a李鸿吉@Ali hong ji@4著
701  0 @a张菊明@Azhang ju ming@4著
801  2 @aCN@bNLC@c20060727
801  0 @aCN@bTSSF
905    @a10447@dP283.7@e110
    
    电子计算机制图方法及应用/李鸿吉,张菊明著.-北京:地质出版社,1981
    370页;21cm.-(数学地质丛书)
    
    
    ISBN :CNY2.00
    
●
相关链接 在E读中查询图书 在五车中查询图书 在当当中查询图书 在豆瓣中查询图书


正题名:电子计算机制图方法及应用     索取号:P283.7/110         预约/预借

序号 登录号 条形码 馆藏地/架位号 状态 备注
1 0438799   204387993   密集书库/ [索取号:P283.7/110] 在馆    
唐山师范学院图书馆 欢迎您!
大连网信软件有限公司© 版权所有